000 00332nam a2200157Ia 4500
100 _aCady G.H./ Mcgregor/ pat
250 _a2
942 _cBK
654 _aComputer
245 _aMastering The internet
260 _bB.B.P.
_aNew Delhi
_c1996
082 _a4.6
_bCAD/MCG
300 _a1107
546 _aENGLISH
999 _c33340
_d33340